000 01260nam a2200313Ia 4500
001 ebr10288462
003 CaPaEBR
006 m u
007 cr cn|||||||||
008 090204s2009 enkab sb 001 0 eng d
020 _z9780199533855 (cased)
020 _z0199533857 (cased)
040 _aCaPaEBR
_cCaPaEBR
035 _a(OCoLC)320914880
050 1 4 _aN5310
_b.B73 2009eb
100 1 _aBradley, Richard,
_d1946-
245 1 0 _aImage and audience
_h[electronic resource] :
_brethinking prehistoric art /
_cRichard Bradley.
246 3 _aRethinking prehistoric art
260 _aOxford ;
_aNew York :
_bOxford University Press,
_cc2009.
300 _axv, 260 p. :
_bill., maps.
504 _aIncludes bibliographical references (p. [235]-255) and index.
533 _aElectronic reproduction.
_bPalo Alto, Calif. :
_cebrary,
_d2009.
_nAvailable via World Wide Web.
_nAccess may be limited to ebrary affiliated libraries.
650 0 _aArt, Prehistoric
_zEurope.
650 0 _aMegalithic monuments
_zEurope.
651 0 _aEurope
_xAntiquities.
655 7 _aElectronic books.
_2local
710 2 _aebrary, Inc.
856 4 0 _uhttp://site.ebrary.com/lib/rucke/Doc?id=10288462
_zAn electronic book accessible through the World Wide Web; click to view
999 _c459
_d459